[Event "Moehnesee Cup 36th"]
[Site "Moehnesee"]
[Date "2010.08.27"]
[Round "3"]
[White "Heller, Achim"]
[Black "Rempe, Moritz"]
[Result "1-0"]
[WhiteElo "2067"]
[BlackElo "1648"]
[PlyCount "177"]
[EventDate "2010.08.26"]
[EventType "swiss"]
[EventRounds "7"]
[EventCountry "GER"]
[SourceTitle "EXT 2011"]
[Source "ChessBase"]
[SourceDate "2010.11.26"]
[SourceVersion "1"]
[SourceVersionDate "2010.11.26"]
[SourceQuality "1"]

1. d4 d5 2. c4 e6 3. cxd5 exd5 4. Nc3 Bf5 5. Qb3 Nc6 6. Be3 Bb4 7. Rc1 Nf6 8. Nf3 Rb8 9. Bg5 0-0 10. e3 Qd6 11. Bxf6 Qxf6 12. Be2 Rfd8 13. a3 Ba5 14. 0-0 Qd6 15. Qa2 a6 16. Na4 Ne7 17. b4 Bb6 18. Nxb6 Qxb6 19. Rc5 c6 20. Ne5 Ng6 21. Nf3 Rd6 22. Qd2 Nf8 23. Ne5 f6 24. Nd3 Ne6 25. Rc3 Re8 26. Nc5 Qa7 27. Nxe6 Rdxe6 28. a4 b5 29. Rfc1 Qb7 30. Rc5 Rd6 31. Qc3 Bd7 32. Bd3 g6 33. h4 Kg7 34. Qc2 f5 35. g3 h5 36. Ra1 Kf6 37. Qa2 Kf7 38. Bc2 Kf6 39. Bb3 Kg7 40. axb5 axb5 41. Qa7 Qxa7 42. Rxa7 Kf6 43. Rc1 Ke6 44. Rca1 Kf6 45. Rc7 Rc8 46. Rb7 Ke7 47. Raa7 Kd8 48. Kg2 Ke7 49. Kf3 Rd8 50. Kf4 Kf6 51. Bc2 Ke7 52. Kg5 Kf7 53. f3 Kg7 54. Bd1 Kf7 55. g4 hxg4 56. fxg4 Ke7 57. Bf3 Re6 58. gxf5 gxf5 59. Kf4 Kd6 60. h5 Ke7 61. Ra1 Rg8 62. Rh1 Rh6 63. Ra7 Ke6 64. Ra2 Kf6 65. Rha1 Rhh8 66. Ra7 Ke6 67. R7a2 Kf6 68. Rh1 Rh6 69. Rg2 Rxg2 70. Bxg2 Be8 71. Bf3 Bf7 72. Rc1 Be8 73. Ra1 Rh7 74. Ra8 Re7 75. Rc8 Kg7 76. Rd8 Bd7 77. Kg5 Kh7 78. h6 Be8 79. Rc8 Rxe3 80. Rc7+ Kh8 81. Kf4 Re6 82. Kxf5 Rxh6 83. Rc8 Kg7 84. Rxe8 Rh4 85. Bg4 Rh2 86. Re7+ Kf8 87. Rc7 Rd2 88. Kf6 Kg8 89. Bf5 1-0